000
00243nam a2200097Ia 4500
001
798663
005
20250826170832.0
008
250824s9999 xx 000 0 und d
245
0
_a
ŞARKIN KANDİLİ
_c
NUREDDİN ZENGİ
260
_b
KETEBE YAYINLARI
999
_c
798663
_d
798663